000 00958nam a2200229Ia 4500
003 Ost
005 20260507075407.0
008 260507s9999||||xx |||||||||||||| ||und||
020 _a63063299579
040 _cfsecg
041 _aara
082 _a330
100 _aالجحيشي، عبد الباسط علي جاسم
_eمؤلف
245 0 _aالإعفاءات من ضريبة الدخل /
_c عبد الباسط علي جاسم الجحيشي
260 _aعمان:
_bدار الحامد,
_c2008
300 _a162 صفحة؛
_bإيضاحات ؛
_c24 سم
504 _aالمراجع ص.155
520 _aيضم التعريف بالضريبة على الدخل، الإعفاءات لأسباب إجتماعية، الإعفاءات لأسباب اقتصادية ولإعتبارات دولية ، الإعفاءات لمنع الإزدواج الضريبي
653 _aالضرائب
653 _aضرائب الدخل
942 _cكتاب
999 _c44324
_d44324